Deliverance From Occult Oppression and Subjection / (Record no. 6538)
[ view plain ]
| 000 -LEADER | |
|---|---|
| fixed length control field | 00932nam a2200289 a 4500 |
| 001 - CONTROL NUMBER | |
| control field | 8536972 |
| 003 - CONTROL NUMBER IDENTIFIER | |
| control field | OSt |
| 005 - DATE AND TIME OF LATEST TRANSACTION | |
| control field | 20190117125845.0 |
| 008 - FIXED-LENGTH DATA ELEMENTS--GENERAL INFORMATION | |
| fixed length control field | 820621s19721969nju 000 0 eng d |
| 040 ## - CATALOGING SOURCE | |
| Original cataloging agency | MOG |
| Transcribing agency | MOG |
| Modifying agency | UtOrBLW |
| 082 ## - DEWEY DECIMAL CLASSIFICATION NUMBER | |
| Classification number | 133 |
| Item number | F855D |
| 090 ## - LOCALLY ASSIGNED LC-TYPE CALL NUMBER (OCLC); LOCAL CALL NUMBER (RLIN) | |
| Classification number (OCLC) (R) ; Classification number, CALL (RLIN) (NR) | BF1555 |
| Local cutter number (OCLC) ; Book number/undivided call number, CALL (RLIN) | .F74x 1972 |
| 100 1# - MAIN ENTRY--PERSONAL NAME | |
| Personal name | Freeman, Hobart E |
| 245 10 - TITLE STATEMENT | |
| Title | Deliverance From Occult Oppression and Subjection / |
| Statement of responsibility, etc. | by Hobart E. Freeman |
| 264 #1 - PRODUCTION, PUBLICATION, DISTRIBUTION, MANUFACTURE, AND COPYRIGHT NOTICE | |
| Place of production, publication, distribution, manufacture | Watchung, N.J. : |
| Name of producer, publisher, distributor, manufacturer | Charisma Books, |
| Date of production, publication, distribution, manufacture, or copyright notice | 1972 |
| 264 #4 - PRODUCTION, PUBLICATION, DISTRIBUTION, MANUFACTURE, AND COPYRIGHT NOTICE | |
| Date of production, publication, distribution, manufacture, or copyright notice | ©1969 |
| 300 ## - PHYSICAL DESCRIPTION | |
| Extent | [138 pages ; |
| Dimensions | 18 cm] |
| 336 ## - CONTENT TYPE | |
| Content type term | text |
| Content type code | txt |
| Source | rdacontent |
| 337 ## - MEDIA TYPE | |
| Media type term | unmediated |
| Media type code | n |
| Source | rdamedia |
| 338 ## - CARRIER TYPE | |
| Carrier type term | volume |
| Carrier type code | nc |
| Source | rdacarrier |
| 500 ## - GENERAL NOTE | |
| General note | ["Enlarged edition--formerly entitled 'Deliverance from occult oppression and subjection."] |
| 500 ## - GENERAL NOTE | |
| General note | "Honest answers to end confusion"--cover |
| 650 #0 - SUBJECT ADDED ENTRY--TOPICAL TERM | |
| Topical term or geographic name entry element | Occultism |
| 650 #0 - SUBJECT ADDED ENTRY--TOPICAL TERM | |
| Topical term or geographic name entry element | Demonology |
| 740 0# - ADDED ENTRY--UNCONTROLLED RELATED/ANALYTICAL TITLE | |
| Uncontrolled related/analytical title | Deliverance from occult oppression and subjection |
| 942 ## - ADDED ENTRY ELEMENTS (KOHA) | |
| Source of classification or shelving scheme | Dewey Decimal Classification |
| Koha item type | Books |
| Withdrawn status | Lost status | Source of classification or shelving scheme | Damaged status | Not for loan | Collection code | Home library | Current library | Shelving location | Date acquired | Cost, normal purchase price | Total Checkouts | Full call number | Barcode | Date last seen | Price effective from | Koha item type |
|---|---|---|---|---|---|---|---|---|---|---|---|---|---|---|---|---|
| Dewey Decimal Classification | Non-fiction | Harvest Mission College | Harvest Mission College | General Stacks | 17.01.2019 | 350.00 | 133 F855D | 007355 | 17.01.2019 | 17.01.2019 | Books |
